IT the movie - Statistics

General Stats
  • This quiz has been taken 153 times
  • The average score is 10 of 15
Answer Stats
Hint Answer % Correct
True or Fase The girls dad is overprotective True
95%
who is everyone in the group Eddie, Ben, Bill, Bev, Stanley,Mike,Richie
93%
Who was the first one in the group to jump of the cliff into the water Bev
92%
Who is the only girl in the group Beverly
92%
Who is Georgies Brother Bill
92%
Whats the name of the evil thing Pennywise
92%
What is the evil thing Clown
88%
Who is the first boy dead in IT Georgie
88%
What color is the baloons Red
82%
What is the name of the group Losers Club
76%
Who broke his arm Eddie
72%
What does the Villian eat People
41%
How many years does it take for the villian to come out 30 years
10%
What des the book have but not the moive The dirty scene
3%
What does this villian transform into your greatest fear
3%
No matching quizzes found
Score Distribution
Percent of People with Each Score
Percentile by Number Answered
Your Score History
You have not taken this quiz